| 000 | 00595nam a22001937a 4500 | ||
|---|---|---|---|
| 005 | 20230327112938.0 | ||
| 008 | 230208b cl ||||| |||| 00| 0 eng d | ||
| 020 | _a9561106719 | ||
| 050 | 0 | 4 |
_aPN4735 _bL53 1988 |
| 245 | 0 | 0 |
_aLibertad de expresión, ética periodística y desinformación _c / Tomás P. Mac Hale editor. |
| 250 | _a1a ed. | ||
| 260 |
_aChile : _bUniversitaria, _c1988 |
||
| 300 |
_a477 p. ; _c25 cm. |
||
| 650 | 7 |
_2lemb _aLibertad de prensa |
|
| 650 | 7 |
_2lemb _aÉtica periodística |
|
| 650 | 4 | _aDesinformación | |
| 700 | 1 |
_aMac Hale, Tomás P., _eeditor |
|
| 942 |
_2lcc _cLIB |
||
| 999 |
_c59935 _d59935 |
||